000 00343nam a2200145Ia 4500
008 210210b1961 xxu||||| |||| 00| 0 eng d
041 _aeng
082 _a425/37
100 _aBLOOMFIELD (L)
245 _aLanguage
260 _aLondon
_bGeorge Allen & Unwin Ltd
_c1961
650 _aLanguage
690 _aEnglish Grammar
906 _a005813
999 _c128830
_d128830